| 000 | 00550nam a2200181Ia 4500 | ||
|---|---|---|---|
| 999 |
_c8388 _d8388 |
||
| 003 | OSt | ||
| 005 | 20201008092428.0 | ||
| 008 | 190216s9999||||xx |||||||||||||| ||und|| | ||
| 020 | _a9780071125543 | ||
| 040 | _coclc | ||
| 082 |
_a004.22 _bBAR/C |
||
| 100 |
_aBartee, Thomas C _95419 |
||
| 245 | 0 |
_aComputer Architecture And Logic Design / _cThomas C Bartee |
|
| 260 |
_bMcgraw-Hill International Edition, _c1991. _aNew York: |
||
| 300 | _a628p | ||
| 650 | _aComputer Science | ||
| 942 |
_cBK _2ddc _h004.22 _iBAR/C _k004.22 _mBAR/C |
||